LEADER 01089nam a2200253 u 4500 001 000000070181 003 CaOOAMICUS 005 20070226122007.0 008 020430s1956 ii a u000 u eng u 035 $a10928223 040 $aPUL(R)$bita 100 1 $aCoomaraswamy, Ananda Kentish,$d1887-1947.$0(OLS)http://pul/name/46688 245 10$aBuddha and the gospel of buddhism /$cAnanda Coomaraswamy. 260 $aBombay :$bAsia Publishing House,$cc1956. 300 $aix, 370 p. -- [24] c. di tav. :$bill. ;$c22 cm 500 $aContiene indici. 504 $aBibliografia in appendice. 650 4$aBudda e buddismo$zIndia.$0(OLS)http://pul/subject/25118 650 4$aBudda e buddismo$xLibri sacri.$0(OLS)http://pul/subject/10287 850 $aPUL 852 $aPUL$W1$xDP1 Cons. Gen., Altre Classi 1$y22$m780 H 51$j90821$nBK-PRI$b $qStampati$B90821$CPULBib$Z2$F90821 $H67385 $81 941 1 $a8 996 $6245$aBuddha and the gospel of buddhism$9(OLS)http://pul/title/92569 996 $6260$aBombay :$bAsia Publishing House$9(OLS)http://pul/publisher/72950 LEADER 00837nam a2200217 u 4500 001 000000110643 003 CaOOAMICUS 005 20080313141256.0 008 080313s1965 xx a u000 u eng u 040 $aPUL$bita$dMCT 100 1 $aAshhurst, W.$0(OLS)http://pul/name/67829 245 10$aIntroduction to Physics /$cW. Ashhurst. 260 $a[S. l. :$bs. n.],$c1965. 300 $a404 p. :$bill. ;$c26 cm. 504 $aInclude riferimenti bibliografici. 650 4$aFisica$xManuali, trattati, ecc.$0(OLS)http://pul/subject/34183 850 $aPUL 852 $aPUL$W1$xDP1 Filosofia 1$y19$m749 B 23$j126757$qStampati$B125482$CPULBib$Z2$F125482 $H64320 $82 941 1 $a8 996 $6245$aIntroduction to Physics$9(OLS)http://pul/title/139141 996 $6260$a[S. l. :$bs. n.]$9(OLS)http://pul/publisher/47882